Payback: the logic of retribution in Melanesian religions
Near to the heart of the human predicament are impulses to avenge - what most of us will recognize to be negative, counterproductive reactions against others who pose a threat. By contrast, nothing re-establishes our faith in humanity more than extraordinary acts of concession, such as peace-making,...
| Main Author: | |
|---|---|
| Format: | Electronic Book |
| Language: | English |
| Subito Delivery Service: | Order now. |
| Check availability: | HBZ Gateway |
| WorldCat: | WorldCat |
| Interlibrary Loan: | Interlibrary Loan for the Fachinformationsdienste (Specialized Information Services in Germany) |
| Published: |
Cambridge
Cambridge University Press
1994.
|
| In: | Year: 1994 |
| Standardized Subjects / Keyword chains: | B
Melanesia
/ Religion
/ Punishment
|
| Further subjects: | B
Retribution
Religious aspects
B Melanesia Religion B Melanesia ; Religion B Retribution ; Religious aspects |
| Online Access: |
Volltext (lizenzpflichtig) |
| Parallel Edition: | Non-electronic
Erscheint auch als: 9780521416917 |
MARC
| LEADER | 00000cam a22000002c 4500 | ||
|---|---|---|---|
| 001 | 883482770 | ||
| 003 | DE-627 | ||
| 005 | 20260224213817.0 | ||
| 007 | cr uuu---uuuuu | ||
| 008 | 170130r19941994xxk|||||o 00| ||eng c | ||
| 020 | |a 9780511470141 |q : ebook | ||
| 024 | 7 | |a 10.1017/CBO9780511470141 |2 doi | |
| 035 | |a (DE-627)883482770 | ||
| 035 | |a (DE-576)482746831 | ||
| 035 | |a (DE-599)GBV883482770 | ||
| 035 | |a (OCoLC)967423419 | ||
| 035 | |a (OCoLC)967423419 | ||
| 035 | |a (CUP)CR9780511470141 | ||
| 035 | |a (DE-627-1)051604000 | ||
| 040 | |a DE-627 |b ger |c DE-627 |e rda | ||
| 041 | |a eng | ||
| 044 | |c XA-GB | ||
| 050 | 0 | |a BL2620.M4 | |
| 082 | 0 | |a 299/.92 | |
| 084 | |a 1 |2 ssgn | ||
| 084 | |a LC 29692 |q SEPA |2 rvk |0 (DE-625)rvk/90639:1007 | ||
| 084 | |a 11.98 |2 bkl | ||
| 084 | |a 73.55 |2 bkl | ||
| 100 | 1 | |a Trompf, G. |e VerfasserIn |4 aut | |
| 245 | 1 | 0 | |a Payback |b the logic of retribution in Melanesian religions |c G.W. Trompf |
| 264 | 1 | |a Cambridge |b Cambridge University Press |c 1994. | |
| 300 | |a 1 Online-Ressource (xx, 545 pages) |b digital, PDF file(s). | ||
| 336 | |a Text |b txt |2 rdacontent | ||
| 337 | |a Computermedien |b c |2 rdamedia | ||
| 338 | |a Online-Ressource |b cr |2 rdacarrier | ||
| 500 | |a Title from publisher's bibliographic system (viewed on 05 Oct 2015) | ||
| 520 | |a Near to the heart of the human predicament are impulses to avenge - what most of us will recognize to be negative, counterproductive reactions against others who pose a threat. By contrast, nothing re-establishes our faith in humanity more than extraordinary acts of concession, such as peace-making, generosity and sacrifice. In this study Garry Trompf shows how various aspects of 'payback', both negative and positive, provide the best indices to an understanding of Melanesian views of life. The book explores the reasons why people 'pay back' and opens up a whole dimension in the cross-cultural study of human consciousness. The author conducts his readers through the most complex anthropological pageant on earth, illustrating his arguments from western New Guinea to Fiji. | ||
| 520 | |a Preliminaries: The Theory of Retributive Logic -- 1. Revenge -- 2. Reciprocity -- 3. Integrating and Explaining Significant Events -- 4. Reprisal -- 5. Redemption -- 6. Wishing and Explaining the Extraordinary -- 7. Recrimination -- in 'Modern' Guises -- 8. Making Money and Modernizing Reciprocities -- 9. Money, Morals, Meaning: Old Logics, New Retributions? | ||
| 534 | |c 1994 | ||
| 650 | 0 | |a Retribution |x Religious aspects. | |
| 650 | 0 | |a Retribution |x Religious aspects | |
| 650 | 4 | |a Retribution ; Religious aspects | |
| 650 | 4 | |a Melanesia ; Religion | |
| 651 | 0 | |a Melanesia |x Religion. | |
| 651 | 0 | |a Melanesia |x Religion | |
| 689 | 0 | 0 | |d g |0 (DE-588)4038517-6 |0 (DE-627)106231898 |0 (DE-576)209030569 |2 gnd |a Melanesien |
| 689 | 0 | 1 | |d s |0 (DE-588)4049396-9 |0 (DE-627)106187155 |0 (DE-576)209081880 |2 gnd |a Religion |
| 689 | 0 | 2 | |d s |0 (DE-588)4057785-5 |0 (DE-627)106149474 |0 (DE-576)209123699 |2 gnd |a Strafe |
| 689 | 0 | |5 (DE-627) | |
| 776 | 1 | |z 9780521062770 |c paperback | |
| 776 | 1 | |z 9780521416917 | |
| 776 | 1 | |z 9780521416917 |c : hardback | |
| 776 | 1 | |z 9780521062770 |c : paperback | |
| 776 | 0 | 8 | |i Erscheint auch als |a Trompf, G. W., 1940 - |t Payback |b 1. publ. |d Cambridge [u.a.] : Cambridge University Press, 1994 |h XX, 545 S |w (DE-627)127815228 |w (DE-576)040813851 |z 0521416914 |k Non-Electronic |
| 776 | 0 | 8 | |i Erscheint auch als |n Druck-Ausgabe |z 9780521416917 |
| 856 | 4 | 0 | |u https://doi.org/10.1017/CBO9780511470141 |m X:CUP |x Verlag |z lizenzpflichtig |3 Volltext |7 1 |
| 912 | |a ZDB-20-CBO | ||
| 912 | |a ZDB-20-CHS | ||
| 912 | |a ZDB-20-CBS | ||
| 935 | |i Blocktest | ||
| 936 | r | v | |a LC 29692 |b Melanesien |k Sozial- und Kulturanthropologie. Empirische Kulturwissenschaft |k Religionsethnologie |k Religiöse Praktiken und Vorstellungen - Einzelstudien |k Australien, Neuseeland, Ozeanien |k Ozeanien |k Melanesien |0 (DE-627)1398910686 |0 (DE-625)rvk/90639:1007 |0 (DE-576)328910686 |
| 936 | b | k | |a 11.98 |j Sonstige Religionen |q SEPA |0 (DE-627)106403087 |
| 936 | b | k | |a 73.55 |j Religionsethnologie: Allgemeines |q SEPA |0 (DE-627)106411055 |
| 936 | s | n | |a l100 |2 mzub |
| 936 | s | n | |a b100 |2 mzub |
| 938 | 1 | 0 | |0 (DE-627)1756225249 |0 (DE-615)6607077 |a Melanesien |2 fivt |
| 938 | 1 | 0 | |0 (DE-627)1756142769 |0 (DE-615)6603915 |a Religion |2 fivt |
| 938 | 1 | 0 | |0 (DE-627)1756149887 |0 (DE-615)6602733 |a Strafe |2 fivt |
| 951 | |a BO | ||
| ELC | |a 1 | ||
| ITA | |a 1 |t 1 | ||
| LOK | |0 000 xxxxxcx a22 zn 4500 | ||
| LOK | |0 001 4447002035 | ||
| LOK | |0 003 DE-627 | ||
| LOK | |0 004 883482770 | ||
| LOK | |0 005 20240103203820 | ||
| LOK | |0 008 240103||||||||||||||||ger||||||| | ||
| LOK | |0 040 |a DE-21 |c DE-627 |d DE-21 | ||
| LOK | |0 092 |o k |p p | ||
| LOK | |0 689 |a s |a eBook-Cambridge-Gesamt-EBA-2024 | ||
| LOK | |0 852 |a DE-21 | ||
| LOK | |0 852 1 |9 00 | ||
| LOK | |0 85640 |u https://doi.org/10.1017/CBO9780511470141 |z Zugang für die Universität Tübingen | ||
| LOK | |0 912 |a ZDB-20-CBO | ||
| LOK | |0 935 |a ebok |a lbok | ||
| LOK | |0 939 |a 03-01-24 |b l01 | ||
| ORI | |a TA-MARC-ixtheoa001.raw | ||
| REL | |a 1 | ||
| STA | 0 | 0 | |a Melanesia,Punishment,Punishment,Sanction,Penalty,Punishment in art,Religion,Religion in literature,Religions,Religion |
| STB | 0 | 0 | |a Peine,Peine,Punition,Châtiment,Punition,Châtiment,Punition (motif),Châtiment,Punition,Châtiment,Religion,Religions,Religion |
| STC | 0 | 0 | |a Pena,Pena,Castigo,Castigo,Castigo (Motivo),Castigo,Religión,Religión,Religión |
| STD | 0 | 0 | |a Pena <motivo>,Pena,Castigo,Castigo,Castigo (motivo),Castigo,Religione,Religione,Religione |
| STE | 0 | 0 | |a 宗教,宗教,惩罚,惩罚,惩处,处罚,惩处,处罚 |
| STF | 0 | 0 | |a 宗教,宗教,懲罰,懲罰,懲處,處罰,懲處,處罰 |
| STG | 0 | 0 | |a Pena,Pena,Castigo,Castigo,Castigo (Motivo),Castigo,Religião,Religião |
| STH | 0 | 0 | |a Религия,Религия (мотив),Штраф <мотив>,Штраф,Наказание,Наказание (мотив) |
| STI | 0 | 0 | |a Θρησκεία,Θρησκεία (μοτίβο),Ποινή <μοτίβο>,Ποινή,Τιμωρία,Τιμωρία (μοτίβο) |
| SUB | |a REL | ||
| SYG | 0 | 0 | |a Religion,Mystik,Mythologie , Bestrafung,Strafen |



